| 000 -LEADER |
| fixed length control field |
00830cam a22002537a 4500 |
| 020 ## - INTERNATIONAL STANDARD BOOK NUMBER |
| ISBN |
283170720X |
| 040 ## - CATALOGING SOURCE |
| Transcribing agency |
SLB |
| 082 00 - DEWEY DECIMAL CLASSIFICATION NUMBER |
| Classification number |
333 IUC 2004 A64 Or. |
| 100 1# - MAIN ENTRY--AUTHOR NAME |
| Personal name |
Emerton, L. |
| 245 10 - TITLE STATEMENT |
| Title |
Value : |
| Remainder of title |
counting ecosystems as water infrastructure / |
| 246 30 - VARYING FORM OF TITLE |
| Title proper/short title |
Counting ecosystems as water infrastructure |
| 260 ## - PUBLICATION, DISTRIBUTION, ETC. (IMPRINT) |
| Place of publication |
Gland, Switzerland : |
| Name of publisher |
IUCN, |
| Year of publication |
c2004. |
| 300 ## - PHYSICAL DESCRIPTION |
| Number of Pages |
88 p. : |
| Other physical details |
Ill. ; |
| Dimensions |
25 cm. |
| 650 #0 - SUBJECT ADDED ENTRY--TOPICAL TERM |
| Topical Term |
Ecosystem management |
| 650 #0 - SUBJECT ADDED ENTRY--TOPICAL TERM |
| Topical Term |
Water-supply |
| 650 #0 - SUBJECT ADDED ENTRY--TOPICAL TERM |
| Topical Term |
Water conservation |
| 650 #0 - SUBJECT ADDED ENTRY--TOPICAL TERM |
| Topical Term |
Water quality. |
| 700 1# - ADDED ENTRY--PERSONAL NAME |
| Personal name |
Bos, Elroy. |
| 710 2# - ADDED ENTRY--CORPORATE NAME |
| Corporate name or jurisdiction name as entry element |
IUCN Water and Nature Initiative. |
| 856 41 - ELECTRONIC LOCATION AND ACCESS |
| Uniform Resource Identifier |
http://www.loc.gov/catdir/toc/fy0702/2005360251.html |
| 856 40 - ELECTRONIC LOCATION AND ACCESS |
| Uniform Resource Identifier |
http://www.iucn.org/themes/wani/pub/VALUE.pdf |
| 856 42 - ELECTRONIC LOCATION AND ACCESS |
| Uniform Resource Identifier |
http://www.loc.gov/catdir/enhancements/fy0732/2005360251-d.html |
| 942 ## - ADDED ENTRY ELEMENTS (KOHA) |
| Koha item type |
សៀវភៅភាសាអង់គ្លេស |
| 952 ## - LOCATION AND ITEM INFORMATION (KOHA) |
| Withdrawn status [LOCAL, KOHA] |
0 |